000 00422pab a2200169 454500
008 180718b1997 xxu||||| |||| 00| 0 eng d
100 _aPatil, Sharad
245 _aInvade Bihar with Vihar
260 _c1997
300 _ap.27-30
362 _a2 Aug
650 _aBihar - Politics and government
650 _aViolence - India - Bihar
650 _aPolitics and government
773 _aMainstream
909 _a35181
999 _c35181
_d35181